Введение в физику ядра и частиц: учебное пособие

Bibliografische gegevens
Hoofdauteur: Капитонов И. М. Игорь Михайлович
Samenvatting:Книга является заключительным разделом общего курса физики, посвященного атомным ядрам и элементарным частицам. Материал представлен в виде 15 лекций, читаемых автором для студентов физического факультета Московского государственного университета. В последних лекциях рассматриваются космологические аспекты физики частиц и ядер. Книга содержит новейшую информацию и снабжена приложениями. Для студентов-физиков.
Taal:Russisch
Gepubliceerd in: Москва, Едиториал УРСС, 2004
Editie:2-е изд., испр.
Onderwerpen:
Formaat: Boek
KOHA link:https://koha.lib.tpu.ru/cgi-bin/koha/opac-detail.pl?biblionumber=82815

MARC

LEADER 00000nam0a2200000 4500
001 82815
005 20231031095856.0
010 |a 5354006643  |b 500 экз. 
021 |a RU  |b 04-8690  |9 04-442 
035 |a (RuTPU)RU\TPU\book\88995 
090 |a 82815 
100 |a 20051006d2004 m y0rusy5002 ca 
101 0 |a rus 
102 |a RU 
105 |a a j 001zy 
200 1 |a Введение в физику ядра и частиц  |e учебное пособие   |f И. М. Капитонов 
205 |a 2-е изд., испр. 
210 |a Москва  |c Едиториал УРСС  |d 2004 
215 |a 381,[2] с.  |c ил.  |d 21 см. 
320 |a Предметный указатель.: с. 382-383 
330 |a Книга является заключительным разделом общего курса физики, посвященного атомным ядрам и элементарным частицам. Материал представлен в виде 15 лекций, читаемых автором для студентов физического факультета Московского государственного университета. В последних лекциях рассматриваются космологические аспекты физики частиц и ядер. Книга содержит новейшую информацию и снабжена приложениями. Для студентов-физиков. 
610 1 |a ядерная физика 
610 1 |a частицы 
610 1 |a атомное ядро 
610 1 |a опыт Резерфорда 
610 1 |a волны де Бройля 
610 1 |a опыты Хофштадтера 
610 1 |a формула Мотта 
610 1 |a Форм-фактор 
610 1 |a ядерный парк 
610 1 |a формула Вайцзеккера 
610 1 |a ядерные модели 
610 1 |a ядерные уровни 
610 1 |a радиоактивность 
610 1 |a радиоактивный распад 
610 1 |a нейтрино 
610 1 |a ядерные силы 
610 1 |a нуклоны 
610 1 |a дейтроны 
610 1 |a ядерные реакции 
610 1 |a формула Брейта-Вигнера 
610 1 |a ядерные оболочки 
610 1 |a модели 
610 1 |a элементарные частицы 
610 1 |a кванты 
610 1 |a барионы 
610 1 |a мезоны 
610 1 |a адроны 
610 1 |a кварки 
610 1 |a фотоны 
610 1 |a лептоны 
610 1 |a кварковые модели 
610 1 |a глюоны 
610 1 |a зарядовое сопряжение 
610 1 |a Вселенная 
610 1 |a Большой взрыв 
610 1 |a звезды 
610 1 |a космические лучи 
610 1 |a учебные пособия 
610 1 |a ядро 
675 |a 539.1(075.8)  |v 3  |z rus 
700 1 |a Капитонов  |b И. М.  |g Игорь Михайлович  |4 070 
801 0 |a RU  |b RKP  |c 20040426  |g PSBO 
801 1 |a RU  |b 63413507  |c 20051006  |g PSBO 
801 2 |a RU  |b 63413507  |c 20121004  |g PSBO 
900 |a Ядерная физика 
900 |a Физика 
900 |a Фундаментальные взаимодействия 
900 |a Физика атомного ядра и элементарных частиц 
942 |c BK 
952 |a 510400  |b 010700